| 000 | 01304nam a2200313 a 4500 | ||
|---|---|---|---|
| 001 | 000046701 | ||
| 003 | DO-SdBNP | ||
| 005 | 20250128193628.0 | ||
| 007 | ta | ||
| 008 | 100910s2016 dr bc 000 0 spa d | ||
| 020 | _a9789945903300 | ||
| 040 |
_aDO-SdBNP _bspa _cBNPHU |
||
| 082 | 4 |
_a972.9356 _bC947s, 2016 _222 |
|
| 245 | 0 | 0 |
_aCrónicas de San José de las Matas / _ccompilación, notas y edición, Piero Espinal Estévez ; prólogo Edwin Espinal Hernández. |
| 250 | _a2a. ed. | ||
| 260 |
_aSanto Domingo : _bOPUS, _c2016. |
||
| 300 |
_a3 v. : _bil., mapas ; retrs. ; _c23 cm. |
||
| 500 | _aIncluye notas a pie de páginas | ||
| 500 | _aIncluye datos biográficos del autor en la solapa de la cubierta. | ||
| 590 | _aInventariado, 2018/ YL | ||
| 650 | 4 |
_aCiudades y pueblos _zRepública Dominicana _zSan José de las Matas _9784 |
|
| 651 | 4 |
_aSan José de las Matas (República Dominicana) _xHistoria local _945105 |
|
| 651 | 4 |
_aSan José de las Matas (República Dominicana) _xCondiciones sociales _945106 |
|
| 651 | 4 |
_aSan José de las Matas (República Dominicana) _xVida social y costumbres _91693 |
|
| 700 | 1 |
_aEspinal Estévez, Piero, _d1970- _eed. _982352 |
|
| 700 | 1 |
_aEspinal Hernández, Edwin, _d1971- _epról. _98396 |
|
| 910 | _aValidado. Control e calidad MFF | ||
| 942 |
_2ddc _cLBS1 |
||
| 999 |
_c46190 _d46190 |
||